Pokemon Dash - Statistiques

Statistiques générales
  • Ce quiz a été pris 8 fois
  • Le résultat moyen est 10 sur 16
Statistiques - réponses
Réponse % Correct
Bulbizarre
100%
Pikachu
100%
Salamèche
100%
Arcko
86%
Gobou
86%
Goinfrex
86%
Poussifeu
86%
Miaouss
71%
Pichu
57%
Marill
43%
Rondoudou
43%
Teddiursa
43%
Braségali
29%
Capumain
29%
Grahyèna
29%
Okéoké
29%
Aucun quiz correspondant
Distribution des résultats
% des personnes avec chaque résultat
Percentile par nombre de réponses
Votre historique - résultats
Vous n’avez pas pris ce quiz